| 000 | 00474 a2200169 4500 | ||
|---|---|---|---|
| 001 | 11442 | ||
| 082 | _a517. THO | ||
| 090 |
_c8960 _d8960 |
||
| 100 | _aThomas, Finney & George,B. Thomas | ||
| 245 |
_aCalculus and analytic geomatry, 9th Ed _cFinney Thomas |
||
| 250 | _a9 | ||
| 260 |
_aNY _bAddison-Wesley _c1996/2007 |
||
| 300 |
_axviii, 1282 p. _borigional |
||
| 500 | _aBE textbooks H & S dept | ||
| 505 | _aCalculus,11 ed is on 79463 | ||
| 600 | _aGeorge, B. Thomas | ||
| 942 |
_aNUST-CAE _k517. THO |
||
| 999 |
_c246515 _d246515 |
||